Online
Catalog

Manual de santería / (Record no. 22135)

MARC details
000 -CABECERA
campo de control de longitud fija 00650nam a2200217 a 4500
001 - NÚMERO DE CONTROL
campo de control 000022638
005 - FECHA Y HORA DE LA ÚLTIMA TRANSACCIÓN
campo de control 20200930021718.0
008 - DATOS DE LONGITUD FIJA--INFORMACIÓN GENERAL
campo de control de longitud fija 101014s2007 cu 000 0 spa d
020 ## - NÚMERO INTERNACIONAL ESTÁNDAR DEL LIBRO
Número Internacional Estándar del Libro 9789590609329
040 ## - FUENTE DE LA CATALOGACIÓN
Centro catalogador/agencia de origen DO-SdBNP
Lengua de catalogación spa
Centro/agencia transcriptor BNPHU
082 ## - NÚMERO DE LA CLASIFICACIÓN DECIMAL DEWEY
Número de clasificación xxx
Número de documento/Ítem L135m
049 ## - FONDOS LOCALES (OCLC)
Fondos de biblioteca BNPD
100 1# - ENTRADA PRINCIPAL--NOMBRE DE PERSONA
Nombre de persona Lachatañeré, Rómulo
9 (RLIN) 46588
245 10 - MENCIÓN DE TÍTULO
Título Manual de santería /
Mención de responsabilidad, etc. Rómulo Lachatañeré; edición Yariley Hernández Tamayo.
250 ## - MENCIÓN DE EDICIÓN
Mención de edición 2a ed.
260 ## - PUBLICACIÓN, DISTRIBUCIÓN, ETC.
Lugar de publicación, distribución, etc. La Habana :
Nombre del editor, distribuidor, etc. Editorial de Ciencia Sociales,
Fecha de publicación, distribución, etc. 2007.
300 ## - DESCRIPCIÓN FÍSICA
Extensión 69 p. ;
Dimensiones 19 cm.
490 1# - MENCIÓN DE SERIE
Mención de serie Echu Bi
700 1# - PUNTO DE ACCESO ADICIONAL--NOMBRE DE PERSONA
Nombre de persona Hernández Tamayo, Yariley
Término indicativo de función/relación ed.
9 (RLIN) 46589
830 #0 - PUNTO DE ACCESO ADICIONAL DE SERIE-TÍTULO UNIFORME
Título uniforme Echu Bi
9 (RLIN) 27345
Holdings
Estado de retiro Estado de pérdida Restricciones de uso No para préstamo Código de colección Localización permanente Ubicación/localización actual Ubicación en estantería Fecha de adquisición Número de inventario Total de préstamos Signatura topográfica completa Código de barras Fecha visto por última vez Número de copia Precio válido a partir de Tipo de ítem Koha
      Excluido de préstamo Monografías: Libros y Folletos General General En catalogación 14.10.2010 LF1   xxx L135m 22638-10 25.06.2020 e. 2 25.06.2020 No se presta
      Excluido de préstamo Monografías: Libros y Folletos General General En catalogación 14.10.2010 LF1   xxx L135m 22638-20 25.06.2020   25.06.2020 No se presta

Powered by Koha